[Event "Nezhmetdinov Memorial 40th"]
[Site "Kazan"]
[Date "2018.09.18"]
[Round "6"]
[White "Skatchkov, Valery"]
[Black "Sairanov, Talgat"]
[Result "1-0"]
[WhiteElo "2253"]
[BlackElo "2077"]
[PlyCount "87"]
[EventDate "2018.09.13"]
[EventType "swiss"]
[EventRounds "9"]
[EventCountry "RUS"]
[SourceTitle "CBM 186 Extra"]
[Source "ChessBase"]
[SourceDate "2018.08.24"]
[SourceVersion "1"]
[SourceVersionDate "2018.08.24"]
[SourceQuality "1"]

1. d4 Nf6 2. c4 g6 3. Nf3 Bg7 4. g3 0-0 5. Bg2 d6 6. 0-0 Nc6 7. Nc3 a6 8. b3 Rb8 9. Bb2 b5 10. cxb5 axb5 11. Rc1 Na5 12. d5 Bd7 13. Nd4 e5 14. dxe6 fxe6 15. Ncxb5 e5 16. Nxc7 exd4 17. Bxd4 Kh8 18. Ba7 Rb7 19. Bxb7 Nxb7 20. Nd5 Bh3 21. Re1 Qa5 22. Nf4 Qxa7 23. Nxh3 Ne4 24. e3 Qxa2 25. Qc2 Qxc2 26. Rxc2 Nbc5 27. b4 Nd3 28. Rd1 Nxb4 29. Rc4 Nc3 30. Rxd6 Nbd5 31. Rcc6 Ne7 32. Rc4 Nf5 33. Rd7 Ne2+ 34. Kg2 h6 35. Rc2 Nc3 36. Nf4 Rc8 37. Nxg6+ Kh7 38. Nf4 Kh8 39. Ne2 Be5 40. Rd3 Nxe2 41. Rxc8+ Kg7 42. Rd5 Ne7 43. Rxe5 Nxc8 44. Rc5 1-0

[Event "Nezhmetdinov Memorial 40th"]
[Site "Kazan"]
[Date "2018.09.15"]
[Round "3"]
[White "Sairanov, Talgat"]
[Black "Mukhutdinov, Tigran"]
[Result "1-0"]
[WhiteElo "2077"]
[BlackElo "2273"]
[PlyCount "119"]
[EventDate "2018.09.13"]
[EventType "swiss"]
[EventRounds "9"]
[EventCountry "RUS"]
[SourceTitle "CBM 186 Extra"]
[Source "ChessBase"]
[SourceDate "2018.08.24"]
[SourceVersion "1"]
[SourceVersionDate "2018.08.24"]
[SourceQuality "1"]

1. c4 e5 2. Nc3 Bb4 3. Nd5 Na6 4. g3 Nf6 5. Nxb4 Nxb4 6. Bg2 0-0 7. d3 Re8 8. Nf3 d5 9. cxd5 Nfxd5 10. 0-0 Nc6 11. a3 a5 12. Re1 Nb6 13. e4 Bg4 14. Be3 Nd4 15. Rc1 Re7 16. Bxd4 Bxf3 17. Bxf3 Qxd4 18. Qb3 Rd8 19. Be2 g6 20. Rc2 c6 21. Rec1 a4 22. Qc3 Qd6 23. Qa5 Qc7 24. Rc5 Ra8 25. Qb4 Rd7 26. Rb5 Nc8 27. Bg4 Re7 28. Bxc8 Rxc8 29. Qxa4 Rd8 30. Rb3 Red7 31. Qa7 Qc8 32. Rcc3 Rc7 33. a4 Rd4 34. a5 Ra4 35. Kg2 Qd7 36. Qc5 Qe6 37. Ra3 Rxa3 38. Rxa3 Rc8 39. Qb6 Qd7 40. Rb3 Ra8 41. Qxb7 Qxb7 42. Rxb7 Rxa5 43. Kf3 Kg7 44. Ke3 Kf6 45. Rb6 Rc5 46. b4 Rc2 47. b5 Ke7 48. bxc6 h5 49. Rb7+ Ke6 50. Rc7 f5 51. exf5+ gxf5 52. Rh7 f4+ 53. Kf3 Rd2 54. Rh6+ Kd5 55. Rxh5 fxg3 56. hxg3 Rxd3+ 57. Kg4 Ke6 58. Rh6+ Kf7 59. c7 Rc3 60. Rh8 1-0

[Event "Tatarstan-ch"]
[Site "Kazan"]
[Date "2016.09.21"]
[Round "6"]
[White "Ospennikov, Dmitry V"]
[Black "Sairanov, Talgat"]
[Result "0-1"]
[WhiteElo "2275"]
[BlackElo "2041"]
[PlyCount "116"]
[EventDate "2016.09.16"]
[EventType "swiss"]
[EventRounds "9"]
[EventCountry "RUS"]
[SourceTitle "CBM 174 Extra"]
[Source "ChessBase"]
[SourceDate "2016.10.10"]
[SourceVersion "1"]
[SourceVersionDate "2016.10.10"]
[SourceQuality "1"]

1. c4 e5 2. Nc3 Nf6 3. Nf3 Nc6 4. g3 Bb4 5. Bg2 0-0 6. 0-0 Bxc3 7. bxc3 e4 8. Ng5 Re8 9. d3 exd3 10. exd3 d6 11. h3 Bf5 12. g4 Bd7 13. Bf4 Ne5 14. Bg3 Nfxg4 15. Nxf7 Kxf7 16. d4 Kg8 17. hxg4 Nxg4 18. Bxb7 Rb8 19. Bd5+ Kh8 20. Qd2 Qf6 21. Rae1 Qg6 22. Rxe8+ Rxe8 23. Re1 Nf6 24. Rxe8+ Qxe8 25. Bg2 Ne4 26. Qe3 Nxg3 27. Qxg3 Qg6 28. Qh4 Qf6 29. Qe4 c6 30. Qb1 h5 31. Qb8+ Kh7 32. Qxa7 Qe6 33. c5 h4 34. Qc7 h3 35. Bf1 Qg4+ 36. Kh1 Qf3+ 37. Kg1 Bf5 38. Qxd6 Qxc3 39. Qf4 g6 40. Kh2 Qa3 41. Qc7+ Kh6 42. Qxc6 Qc1 43. Bxh3 Qf4+ 44. Kg1 Bxh3 45. Qh1 Qg5+ 46. Kh2 Be6 47. Qe4 Bd5 48. Qe3 Kh5 49. Qg3 Qxg3+ 50. Kxg3 Kg5 51. a4 Bc6 52. a5 Bd5 53. a6 Bc6 54. a7 Bd5 55. f3 Bc6 56. Kf2 Kf4 57. Ke2 Bxf3+ 58. Kd3 Bd5 0-1

[Event "Tatarstan-ch"]
[Site "Kazan"]
[Date "2016.09.20"]
[Round "5"]
[White "Sairanov, Talgat"]
[Black "Shaimardanov, Kamil"]
[Result "1-0"]
[WhiteElo "2041"]
[BlackElo "1840"]
[PlyCount "67"]
[EventDate "2016.09.16"]
[EventType "swiss"]
[EventRounds "9"]
[EventCountry "RUS"]
[SourceTitle "CBM 174 Extra"]
[Source "ChessBase"]
[SourceDate "2016.10.10"]
[SourceVersion "1"]
[SourceVersionDate "2016.10.10"]
[SourceQuality "1"]

1. c4 c5 2. Nf3 Nf6 3. Nc3 e6 4. g3 b6 5. Bg2 Bb7 6. 0-0 Be7 7. d4 cxd4 8. Qxd4 0-0 9. Rd1 Nc6 10. Qd3 Nb4 11. Qd2 Qc7 12. b3 a6 13. Bb2 Rfd8 14. Na4 Ne4 15. Be5 Nxd2 16. Bxc7 Nxf3+ 17. Bxf3 Bxf3 18. Bxd8 Bxd8 19. exf3 d5 20. a3 Nc6 21. cxd5 exd5 22. Rxd5 b5 23. Nc5 Bf6 24. Rad1 h6 25. Rd6 Na5 26. b4 Nc4 27. Rxa6 Rxa6 28. Nxa6 Nxa3 29. Rd3 Nc2 30. Rd5 Nd4 31. Kg2 Kf8 32. Nc7 Ke7 33. Nxb5 Nc6 34. Rd1 1-0

[Event "Sterlitamak Rochinskiy op"]
[Site "Sterlitamak"]
[Date "2012.06.24"]
[Round "3"]
[White "Abrarov, Damir"]
[Black "Sairanov, Talgat"]
[Result "0-1"]
[WhiteElo "1704"]
[BlackElo "1968"]
[PlyCount "60"]
[EventDate "2012.06.22"]
[EventType "swiss"]
[EventRounds "9"]
[EventCountry "RUS"]
[SourceTitle "EXT 2013"]
[Source "ChessBase"]
[SourceDate "2012.11.22"]
[SourceVersion "1"]
[SourceVersionDate "2012.11.22"]
[SourceQuality "1"]

1. d4 Nf6 2. c4 g6 3. Nc3 Bg7 4. e4 d6 5. f3 0-0 6. Bd3 Nc6 7. Nge2 e5 8. d5 Ne7 9. 0-0 Nd7 10. b4 f5 11. Be3 f4 12. Bf2 g5 13. c5 Nf6 14. cxd6 cxd6 15. a4 h5 16. a5 g4 17. Bh4 Ng6 18. Bg5 Qd7 19. Bxf6 Bxf6 20. Bb5 Qg7 21. Kh1 Bh4 22. Ng1 Be7 23. Be2 Nh4 24. fxg4 hxg4 25. g3 fxg3 26. Rxf8+ Qxf8 27. hxg3 Qf2 28. Qf1 Qxg3 29. Rc1 Bd7 30. Bb5 Rf8 0-1